Science Quiz

Random Science or Anatomy Quiz

Biggest Bones and Body Bits Blitz Quiz Stats

 Plays Quiz Updated Sep 26, 2018

Also try: Human Bones
Challenge
Share
Tweet
Embed
Score 0/20 Timer 02:00
14 Plays Today
% Correct
Heart
92.8%
Femur
91.8%
Liver
89.7%
Lungs
85.3%
Brain
84.2%
Tibia
82.8%
Stomach
73.9%
Ulna
73.8%
Kidney
73.7%
Fibula
71.7%
% Correct
Radius
70.2%
Skin
65.9%
Large Intestine
63.7%
Small Intestine
62.7%
Humerus
59.9%
7th rib
50.5%
8th rib
50.5%
Spleen
40.4%
Sternum
34.6%
Innominate bone (hipbone)
33.1%

You're not logged in!

Compare scores with friends on all Sporcle quizzes.
OR
Log In

You Might Also Like...

Show Comments

Extras

Top Quizzes Today


Score Distribution

Your Account Isn't Verified!

In order to create a playlist on Sporcle, you need to verify the email address you used during registration. Go to your Sporcle Settings to finish the process.

Report this User

Report this user for behavior that violates our Community Guidelines.

Details: